000 00734nam a2200253Ia 4500
003 OSt
005 20220927103625.0
006 a|||||r|||| 00| 0
007 ta
008 220926b |||||||| |||| 00| 0 eng d
024 _a96927
037 _cReference Collections
040 _aRTL
_cRTL
_beng
041 _2eng
_aeng
082 _a"Y33.1-1,e4n, K8/UN"
110 _aUnited Nations
245 0 _aDirectory of national bodies concerned with urban and regional research
260 _aNew
_bYork United Nations USA
_c1968
300 _a"v,134p"
_ccm.
650 _aUrban Sociology
_9360678
700 _aUnited Nations
942 _h"Y33.1-1,e4n, K8/UN"
_cCC
999 _c684379
_d684379